| 000 | 00501nam a22001457a 4500 | ||
|---|---|---|---|
| 082 | _a004 | ||
| 100 | _aAthar, Ali | ||
| 245 |
_aA novel classifiers ensemble approach to improve performance of sentimental classification / _cAli Athar. |
||
| 260 |
_aIslamabad: _bCEME - NUST, _c2017. |
||
| 300 |
_a68 p.: ill.; _c30cm. |
||
| 650 |
_aSoftware Engineering - MS Theses. _934605 |
||
| 700 |
_aSup: Dr. Wasi Haider Butt. _934994 |
||
| 942 |
_2ddc _cTHE |
||
| 999 |
_c540787 _d540787 |
||